Determinants of ROE and ROA. Looking for industry specific features
Definícia ROA (Return on assets) a ROE (Return on equity). Determinanty ROE a ROA. Vzťah medzi ROA a ROE. Determinanty ROA. Determinácia vplyvu. Použitie iných metód na determináciu vplyvu na ROA a ROE. Odporúčania pre analýzu v priemysle.
Salvato in:
| Autore principale: | |
|---|---|
| Natura: | Capitolo di libro |
| Lingua: | inglese |
| Soggetti: | |
| Tags: |
Nessun Tag, puoi essere il primo ad aggiungerne!!
|
MARC
| LEADER | 00000naa$a2200000$$$4500 | ||
|---|---|---|---|
| 001 | 0074123 | ||
| 005 | 20240502071858.8 | ||
| 041 | 0 | |a eng | |
| 044 | |a SK | ||
| 245 | 1 | 0 | |a Determinants of ROE and ROA. Looking for industry specific features |c Henrich Kriško |
| 520 | |a Definícia ROA (Return on assets) a ROE (Return on equity). Determinanty ROE a ROA. Vzťah medzi ROA a ROE. Determinanty ROA. Determinácia vplyvu. Použitie iných metód na determináciu vplyvu na ROA a ROE. Odporúčania pre analýzu v priemysle. | ||
| 610 | 2 | 0 | |a hospodárenie podnikové |
| 610 | 2 | 0 | |a manažment |
| 610 | 2 | 0 | |a priemysel |
| 610 | 2 | 0 | |a výnosy podnikové |
| 610 | 2 | 0 | |a aktíva |
| 610 | 2 | 0 | |a výskum |
| 100 | 1 | |a Kriško, Henrich | |